[Event "Rilton Cup 52nd"]
[Site "Stockholm"]
[Date "2024.12.30"]
[Round "4"]
[White "Logdahl, Harald"]
[Black "Petursson, Margeir"]
[Result "1-0"]
[WhiteElo "2300"]
[BlackElo "2409"]
[PlyCount "67"]
[EventDate "2024.12.27"]
[EventType "swiss"]
[EventRounds "9"]
[EventCountry "SWE"]
[SourceTitle "CB02_2025"]
[SourceDate "2025.01.08"]
[SourceVersion "1"]
[SourceVersionDate "2025.01.08"]
[SourceQuality "1"]

1. e4 c5 2. Nc3 g6 3. g3 Nc6 4. Bg2 Bg7 5. d3 d6 6. f4 e6 7. Nf3 Nge7 8. 0-0 0-0 9. Be3 Rb8 10. d4 d5 11. exd5 exd5 12. Bf2 b6 13. Re1 Bg4 14. dxc5 bxc5 15. Na4 c4 16. h3 Bxf3 17. Bxf3 Qa5 18. c3 Rfd8 19. b4 Qc7 20. Qe2 h5 21. Kg2 Qc8 22. Rad1 Qa6 23. Qc2 d4 24. Nc5 Qa3 25. Bxc6 Nxc6 26. Qe4 dxc3 27. Rxd8+ Nxd8 28. Nd7 Rc8 29. Qe8+ Kh7 30. Nf8+ Kh6 31. f5 Qxb4 32. Be3+ g5 33. Bxg5+ Kxg5 34. Qe3+ 1-0

[Event "Rilton Cup 52nd"]
[Site "Stockholm"]
[Date "2024.12.28"]
[Round "2"]
[White "Logdahl, Harald"]
[Black "Tripathi, Pratyush"]
[Result "1/2-1/2"]
[WhiteElo "2300"]
[BlackElo "1963"]
[PlyCount "131"]
[EventDate "2024.12.27"]
[EventType "swiss"]
[EventRounds "9"]
[EventCountry "SWE"]
[SourceTitle "CB02_2025"]
[SourceDate "2025.01.08"]
[SourceVersion "1"]
[SourceVersionDate "2025.01.08"]
[SourceQuality "1"]

1. e4 c6 2. d4 d5 3. f3 Qb6 4. Nc3 dxe4 5. Bc4 Nf6 6. Bb3 Nbd7 7. fxe4 e5 8. dxe5 Nxe5 9. Nf3 Bg4 10. Qe2 Bd6 11. Be3 Qc7 12. 0-0-0 0-0 13. Kb1 a5 14. a4 Rfe8 15. h3 Be6 16. Bf4 Bxb3 17. cxb3 Qe7 18. Nd4 Rad8 19. Rhf1 Bc5 20. Nf5 Qe6 21. Rxd8 Rxd8 22. Bg5 Ned7 23. e5 Re8 24. exf6 Qxe2 25. Nxe2 gxf6 26. Rd1 fxg5 27. Rxd7 Rxe2 28. g4 Re6 29. Rxb7 h6 30. Kc2 Bb4 31. Kd3 Rf6 32. Rb8+ Kh7 33. Re8 h5 34. Ke4 hxg4 35. hxg4 c5 36. Kd5 Rb6 37. Rd8 Be1 38. Rd7 Rxb3 39. Rxf7+ Kg6 40. Rc7 Bf2 41. Rc6+ Kf7 42. Ra6 Be1 43. Ra7+ Kf6 44. Ra6+ Kf7 45. Nd6+ Kg7 46. Ne4 Rxb2 47. Nxg5 Ra2 48. Ne6+ Kf7 49. Ra7+ Kg8 50. g5 Rg2 51. Ke5 Rb2 52. g6 Rb8 53. Kd5 Rc8 54. Rg7+ Kh8 55. Rh7+ Kg8 56. Rh1 Bc3 57. g7 Kf7 58. Rg1 c4 59. g8Q+ Rxg8 60. Rxg8 Kxg8 61. Kxc4 Be1 62. Nd8 Kf8 63. Kb5 Ke8 64. Nc6 Kd7 65. Nxa5 Bxa5 66. Kxa5 1/2-1/2

[Event "SWE-chB"]
[Site "Eskilstuna"]
[Date "2019.07.12"]
[Round "7"]
[White "Seo, Jung Min"]
[Black "Logdahl, Harald"]
[Result "1-0"]
[WhiteElo "2399"]
[BlackElo "2269"]
[PlyCount "75"]
[EventDate "2019.07.06"]
[EventType "tourn"]
[EventRounds "9"]
[EventCountry "SWE"]
[EventCategory "3"]
[SourceTitle "CBM 191 Extra"]
[Source "ChessBase"]
[SourceDate "2019.09.30"]
[SourceVersion "1"]
[SourceVersionDate "2019.09.30"]
[SourceQuality "1"]

1. d4 c5 2. d5 e5 3. e4 d6 4. Nc3 Be7 5. Nf3 Bg4 6. h3 Bxf3 7. Qxf3 a6 8. Qg3 Kf8 9. h4 b5 10. a4 b4 11. Nd1 Nf6 12. Qf3 h5 13. Ne3 g6 14. g3 Nbd7 15. a5 Ra7 16. Nc4 Ne8 17. Be2 Nc7 18. Bd2 Nb5 19. c3 bxc3 20. bxc3 Kg7 21. 0-0 Nf6 22. Qd3 Ng4 23. Kg2 Nh6 24. Nb6 f6 25. Qf3 Qe8 26. Bd3 g5 27. Rh1 Ng4 28. Qe2 Qg6 29. Rae1 Nc7 30. Rh3 Nb5 31. Reh1 Rb7 32. f3 Bd8 33. fxg4 hxg4 34. Qxg4 gxh4 35. Qxg6+ Kxg6 36. Rxh4 Rxh4 37. gxh4 Bxb6 38. axb6 1-0

[Event "SWE-chB"]
[Site "Ronneby"]
[Date "2018.07.08"]
[Round "9"]
[White "Logdahl, Harald"]
[Black "Wiedenkeller, Michael"]
[Result "1/2-1/2"]
[WhiteElo "2249"]
[BlackElo "2468"]
[PlyCount "56"]
[EventDate "2018.06.30"]
[EventType "tourn"]
[EventRounds "9"]
[EventCountry "SWE"]
[EventCategory "3"]
[SourceTitle "CBM 185 Extra"]
[Source "ChessBase"]
[SourceDate "2018.07.29"]
[SourceVersion "1"]
[SourceVersionDate "2018.07.29"]
[SourceQuality "1"]

1. e4 e6 2. d4 d5 3. Nd2 c5 4. exd5 exd5 5. Bb5+ Bd7 6. Qe2+ Be7 7. dxc5 Nf6 8. Nb3 0-0 9. Be3 Re8 10. Nf3 a6 11. Bd3 Ba4 12. Nfd4 Nbd7 13. 0-0-0 Bxb3 14. axb3 Bxc5 15. Qf3 Ne5 16. Qh3 Nxd3+ 17. Rxd3 Qc8 18. Qxc8 Raxc8 19. h3 g6 20. Kb1 Kg7 21. c3 Ne4 22. Rc1 a5 23. Rc2 f6 24. Ka2 f5 25. Bf4 h6 26. f3 Nf6 27. g4 Bxd4 28. Rxd4 g5 1/2-1/2

[Event "SWE-chB"]
[Site "Ronneby"]
[Date "2018.07.06"]
[Round "7"]
[White "Logdahl, Harald"]
[Black "Lind, Jan Olov"]
[Result "1/2-1/2"]
[WhiteElo "2249"]
[BlackElo "2234"]
[PlyCount "104"]
[EventDate "2018.06.30"]
[EventType "tourn"]
[EventRounds "9"]
[EventCountry "SWE"]
[EventCategory "3"]
[SourceTitle "CBM 185 Extra"]
[Source "ChessBase"]
[SourceDate "2018.07.29"]
[SourceVersion "1"]
[SourceVersionDate "2018.07.29"]
[SourceQuality "1"]

1. e4 g6 2. d4 Bg7 3. Nc3 d6 4. Be3 a6 5. Qd2 b5 6. f3 Nf6 7. a4 b4 8. Nd1 a5 9. c3 bxc3 10. bxc3 Nbd7 11. Bh6 0-0 12. Bxg7 Kxg7 13. Bd3 e5 14. Ne2 Bb7 15. 0-0 Re8 16. Nf2 Qb8 17. Kh1 Qa7 18. Bb5 c6 19. Bd3 Ba6 20. Bxa6 Qxa6 21. Ng3 h6 22. Ng4 Nxg4 23. fxg4 Qc4 24. g5 h5 25. h4 Rab8 26. Rf3 exd4 27. cxd4 c5 28. Raf1 Re7 29. e5 dxe5 30. d5 Qxh4+ 31. Kg1 Rf8 32. d6 Re6 33. Qf2 Qd4 34. Ne4 Qxf2+ 35. R3xf2 f5 36. gxf6+ Nxf6 37. Rd1 Nd7 38. Rd5 Rxf2 39. Kxf2 Kf8 40. Nxc5 Nxc5 41. Rxc5 Rxd6 42. Rxa5 Rd2+ 43. Kf1 Ra2 44. Rxe5 Rxa4 45. Re1 Ra2 46. Kg1 Kg7 47. Rb1 Kh6 48. Rb3 h4 49. g3 h3 50. g4 h2+ 51. Kh1 Kg5 52. Rb2 Rxb2 1/2-1/2

[Event "SWE-chB"]
[Site "Ronneby"]
[Date "2018.07.04"]
[Round "5"]
[White "Malmstig, Erik"]
[Black "Logdahl, Harald"]
[Result "0-1"]
[WhiteElo "2336"]
[BlackElo "2249"]
[PlyCount "54"]
[EventDate "2018.06.30"]
[EventType "tourn"]
[EventRounds "9"]
[EventCountry "SWE"]
[EventCategory "3"]
[SourceTitle "CBM 185 Extra"]
[Source "ChessBase"]
[SourceDate "2018.07.29"]
[SourceVersion "1"]
[SourceVersionDate "2018.07.29"]
[SourceQuality "1"]

1. c4 e5 2. Nc3 Bb4 3. Nd5 Be7 4. e3 Nf6 5. Ne2 Nxd5 6. cxd5 0-0 7. Nc3 c5 8. Be2 d6 9. 0-0 Na6 10. a4 Nc7 11. Bc4 a6 12. d4 exd4 13. exd4 b6 14. Bf4 Rb8 15. Ba2 Bf5 16. Qd2 Bf6 17. Be3 Re8 18. Rfd1 h6 19. Rac1 Bg5 20. Bf4 Qf6 21. a5 Nb5 22. Nxb5 axb5 23. axb6 cxd4 24. Bxg5 hxg5 25. Qa5 d3 26. Qxb5 Re2 27. Bb3 Bd7 0-1

[Event "SWE-chB"]
[Site "Ronneby"]
[Date "2018.06.30"]
[Round "1"]
[White "Rydstrom, Tom"]
[Black "Logdahl, Harald"]
[Result "1/2-1/2"]
[WhiteElo "2314"]
[BlackElo "2249"]
[PlyCount "126"]
[EventDate "2018.06.30"]
[EventType "tourn"]
[EventRounds "9"]
[EventCountry "SWE"]
[EventCategory "3"]
[SourceTitle "CBM 185 Extra"]
[Source "ChessBase"]
[SourceDate "2018.07.29"]
[SourceVersion "1"]
[SourceVersionDate "2018.07.29"]
[SourceQuality "1"]

1. e4 Nf6 2. e5 Nd5 3. d4 d6 4. Nf3 Bg4 5. Be2 c6 6. c4 Nb6 7. Qb3 Qc8 8. exd6 exd6 9. 0-0 Be7 10. Re1 0-0 11. a4 Bf6 12. a5 N6d7 13. Bf4 Re8 14. Nbd2 c5 15. Bxd6 cxd4 16. Nxd4 Bxe2 17. Nxe2 Nc6 18. Nf3 Re6 19. Bg3 Nc5 20. Qa3 Nxa5 21. Qxa5 Nb3 22. Qa3 Nxa1 23. Qxa1 Qxc4 24. Nc3 Rxe1+ 25. Qxe1 Qb3 26. h4 Qxb2 27. Nd5 a5 28. Nc7 Rd8 29. Qxa5 Qa1+ 30. Qxa1 Bxa1 31. Kf1 Bc3 32. Ke2 Ba5 33. Nb5 Rd5 34. Nbd4 Bc3 35. Kd3 Bxd4 36. Nxd4 Ra5 37. Kc4 Ra1 38. Bd6 Ra2 39. Bg3 Ra1 40. Kc5 Rg1 41. Kb6 Rd1 42. Nf5 Rb1+ 43. Kc5 f6 44. Nd6 Rg1 45. Nxb7 Rxg2 46. Nd6 Rg1 47. Kd5 Rd1+ 48. Ke6 Re1+ 49. Kf5 Rh1 50. Kg4 g6 51. Bf4 h5+ 52. Kg3 Rg1+ 53. Kf3 Rg4 54. Bg3 Ra4 55. Ne4 Kf7 56. Ke3 Ra3+ 57. Kf4 Ra4 58. Ke3 Ra3+ 59. Kf4 Ra4 60. Kf3 Ra3+ 61. Kf4 Ra4 62. Kf3 Ra3+ 63. Kf4 Ra4 1/2-1/2

[Event "SWE-chB"]
[Site "Uppsala"]
[Date "2016.07.24"]
[Round "9"]
[White "Akesson, Ralf"]
[Black "Logdahl, Harald"]
[Result "1/2-1/2"]
[WhiteElo "2445"]
[BlackElo "2252"]
[PlyCount "152"]
[EventDate "2016.07.16"]
[EventType "tourn"]
[EventRounds "9"]
[EventCountry "SWE"]
[EventCategory "3"]
[SourceTitle "CBM 173 Extra"]
[Source "ChessBase"]
[SourceDate "2016.08.29"]
[SourceVersion "1"]
[SourceVersionDate "2016.08.29"]
[SourceQuality "1"]

1. d4 f5 2. Nc3 Nf6 3. Bg5 d5 4. Bxf6 exf6 5. e3 c6 6. Bd3 Na6 7. h4 h5 8. Nge2 g6 9. Nf4 Kf7 10. Bxa6 bxa6 11. Na4 a5 12. Nd3 Ba6 13. Nac5 Bb5 14. a4 Bxd3 15. Nxd3 Bb4+ 16. c3 Bd6 17. Qc2 Qe7 18. g3 Rae8 19. 0-0-0 Rb8 20. Kb1 Rb7 21. Ka2 Rhb8 22. Rb1 Qe4 23. Rhc1 Rb3 24. Ne1 c5 25. Qxe4 fxe4 26. dxc5 Bxc5 27. Rd1 Ke6 28. Nc2 R3b6 29. Rd2 a6 30. Ne1 Bd6 31. Ng2 Be5 32. Rg1 Kf5 33. Nf4 Bxf4 34. gxf4 Rd8 35. Kb1 Rb7 36. Kc2 Rg7 37. Kd1 Rc7 38. Ke2 Rc4 39. Ra1 Ke6 40. Rdd1 Rb8 41. Ra2 Rc7 42. f3 exf3+ 43. Kxf3 g5 44. hxg5 fxg5 45. fxg5 Rg7 46. Rg1 Rf8+ 47. Ke2 Rfg8 48. Ra3 Rxg5 49. Rxg5 Rxg5 50. Rb3 Rg6 51. Rb8 Kf5 52. Kf3 h4 53. Rf8+ Ke5 54. Rh8 Rg3+ 55. Ke2 Rg2+ 56. Kd3 Rh2 57. Rh5+ Kd6 58. Rh6+ Ke5 59. Rxa6 Rxb2 60. Rxa5 Kf5 61. e4+ Kf4 62. exd5 h3 63. Ra8 h2 64. Rh8 Kg3 65. c4 Rb1 66. Kd4 h1Q 67. Rxh1 Rxh1 68. d6 Kf4 69. Kd5 Kf5 70. c5 Rd1+ 71. Kc6 Ke6 72. Kc7 Kd5 73. d7 Kxc5 74. d8Q Rxd8 75. Kxd8 Kb4 76. Kc7 Kxa4 1/2-1/2

[Event "Vasteras op"]
[Site "Vasteras"]
[Date "2015.09.27"]
[Round "8"]
[White "Wiedenkeller, Michael"]
[Black "Logdahl, Harald"]
[Result "1-0"]
[WhiteElo "2453"]
[BlackElo "2238"]
[PlyCount "112"]
[EventDate "2015.09.25"]
[EventType "swiss"]
[EventRounds "8"]
[EventCountry "SWE"]
[SourceTitle "EXT 2016"]
[Source "ChessBase"]
[SourceDate "2015.10.08"]
[SourceVersion "1"]
[SourceVersionDate "2015.10.08"]
[SourceQuality "1"]

1. d4 f5 2. c4 Nf6 3. Nc3 d6 4. Nf3 g6 5. g3 Bg7 6. Bg2 0-0 7. 0-0 Nc6 8. d5 Ne5 9. Nxe5 dxe5 10. e4 f4 11. gxf4 exf4 12. e5 Ng4 13. e6 Ne5 14. Re1 Nxc4 15. Re4 Nd6 16. Rxf4 c6 17. Qe2 Nf5 18. Be3 Bxc3 19. bxc3 Nxe3 20. Rxf8+ Qxf8 21. Qxe3 cxd5 22. Bxd5 a5 23. Re1 Ra6 24. c4 Qf6 25. c5 a4 26. Qd3 Kg7 27. Qc4 a3 28. Re3 Qg5+ 29. Kf1 Qf6 30. Rf3 Qa1+ 31. Kg2 Qe5 32. Rf7+ Kg8 33. f4 Qb2+ 34. Kg3 Qa1 35. Qe2 Qg1+ 36. Kh4 Ra4 37. h3 Rxf4+ 38. Rxf4 g5+ 39. Kh5 gxf4 40. Qg4+ Qxg4+ 41. Kxg4 Kg7 42. Kf5 Kh6 43. Bf3 Kg7 44. Bg4 Kf8 45. Kxf4 Ke8 46. Bf5 h6 47. h4 Kd8 48. Kg4 Kc7 49. Kh5 Kc6 50. Kxh6 Kxc5 51. Kg6 b5 52. h5 b4 53. h6 b3 54. h7 b2 55. h8Q Bxe6 56. Qc3+ Kd5 1-0

[Event "Malmo op"]
[Site "Malmo"]
[Date "2014.12.13"]
[Round "5"]
[White "Logdahl, Harald"]
[Black "Semcesen, Daniel"]
[Result "0-1"]
[WhiteElo "2233"]
[BlackElo "2471"]
[PlyCount "120"]
[EventDate "2014.12.12"]
[EventType "swiss"]
[EventRounds "7"]
[EventCountry "SWE"]
[SourceTitle "EXT 2016"]
[Source "ChessBase"]
[SourceDate "2015.10.08"]
[SourceVersion "1"]
[SourceVersionDate "2015.10.08"]
[SourceQuality "1"]

1. e4 e5 2. Nc3 Nf6 3. g3 Bc5 4. Bg2 a6 5. d3 Nc6 6. Nf3 d6 7. h3 h6 8. 0-0 Be6 9. Be3 Qd7 10. Kh2 0-0 11. Nh4 Rad8 12. Qd2 Nh7 13. a3 Bd4 14. Nd5 Bxd5 15. exd5 Bxe3 16. fxe3 Ne7 17. e4 c6 18. c4 cxd5 19. cxd5 Rc8 20. Nf5 Nxf5 21. Rxf5 Rc5 22. Raf1 Qa4 23. R5f2 Qd4 24. h4 Rb5 25. Rc1 Rb3 26. Rc3 Rxc3 27. bxc3 Qc5 28. Qb2 Nf6 29. Bh3 b5 30. Kg2 Rd8 31. Qc1 Nh7 32. Qb2 Nf8 33. Qb4 Qc7 34. a4 Rb8 35. axb5 Rxb5 36. Qa3 Qb6 37. c4 Rb4 38. c5 dxc5 39. Qc3 Rd4 40. Rb2 Qc7 41. Rc2 g6 42. Qxc5 Qxc5 43. Rxc5 Rxd3 44. Kf2 Nh7 45. Bf1 Rd4 46. Ke3 Nf6 47. Bd3 Kg7 48. Ra5 Ng4+ 49. Ke2 f5 50. exf5 e4 51. f6+ Nxf6 52. Bxa6 Nxd5 53. Bb7 Nc3+ 54. Ke1 Rd1+ 55. Kf2 Rd2+ 56. Ke1 Rd3 57. Re5 Kf6 58. Re8 Rxg3 59. Bxe4 Re3+ 60. Kd2 Rxe4 0-1

[Event "Vasteras op"]
[Site "Vasteras"]
[Date "2013.09.29"]
[Round "8"]
[White "Westerberg, Jonathan"]
[Black "Logdahl, Harald"]
[Result "1-0"]
[WhiteElo "2404"]
[BlackElo "2223"]
[PlyCount "79"]
[EventDate "2013.09.27"]
[EventType "swiss"]
[EventRounds "9"]
[EventCountry "SWE"]
[SourceTitle "EXT 2014"]
[Source "ChessBase"]
[SourceDate "2013.11.20"]
[SourceVersion "1"]
[SourceVersionDate "2013.11.20"]
[SourceQuality "1"]

1. c4 c5 2. Nc3 g6 3. Nf3 Bg7 4. g3 Nc6 5. Bg2 e5 6. d3 d6 7. a3 a5 8. 0-0 Nge7 9. Ne1 0-0 10. Rb1 Be6 11. Nd5 Rb8 12. Bg5 f6 13. Bd2 b6 14. Nc2 Qd7 15. Re1 Bh3 16. Bh1 Nxd5 17. Bxd5+ Be6 18. Ne3 Bxd5 19. Nxd5 Ne7 20. Nxe7+ Qxe7 21. e3 f5 22. b4 axb4 23. axb4 e4 24. Qb3 Rbe8 25. Bc3 h5 26. Bxg7 Qxg7 27. bxc5 bxc5 28. Red1 Qf6 29. d4 f4 30. gxf4 Qh4 31. dxc5 Qg4+ 32. Kf1 dxc5 33. Qb7 Rd8 34. Rd5 Qh3+ 35. Ke1 Qxh2 36. Rb6 Qg1+ 37. Ke2 Ra8 38. Rg5 Ra2+ 39. Rb2 Rxb2+ 40. Qxb2 1-0

[Event "Stockholm op"]
[Site "Stockholm"]
[Date "2012.07.02"]
[Round "7"]
[White "Jakenberg, Jussi"]
[Black "Logdahl, Harald"]
[Result "1/2-1/2"]
[WhiteElo "2061"]
[BlackElo "2259"]
[PlyCount "159"]
[EventDate "2012.06.28"]
[EventType "swiss"]
[EventRounds "9"]
[EventCountry "SWE"]
[SourceTitle "CBM 149 Extra"]
[Source "ChessBase"]
[SourceDate "2012.08.24"]
[SourceVersion "1"]
[SourceVersionDate "2012.08.24"]
[SourceQuality "1"]

1. e4 Nf6 2. e5 Nd5 3. d4 d6 4. c4 Nb6 5. exd6 cxd6 6. Nc3 g6 7. Bd3 Bg7 8. Nge2 0-0 9. 0-0 Nc6 10. d5 Ne5 11. b3 Nxd3 12. Qxd3 Nd7 13. Be3 Nf6 14. Rad1 a6 15. a4 Nd7 16. Nd4 Nc5 17. Qc2 Qb6 18. Rfe1 Re8 19. Rb1 a5 20. Ncb5 Bd7 21. h3 Qd8 22. Rbd1 Bf6 23. Bh6 Bxb5 24. Nxb5 Nd7 25. Re3 Qb6 26. Qe2 Rad8 27. Kh1 Nc5 28. Bf4 Rd7 29. Qg4 Qd8 30. Qg3 Kh8 31. Rde1 Rg8 32. h4 Qf8 33. Bg5 Qg7 34. Rxe7 Rxe7 35. Rxe7 Bxe7 36. Bxe7 Ne4 37. Qf4 f5 38. Bxd6 Nxd6 39. Nxd6 b6 40. Qe3 Rf8 41. f4 h6 42. Nb5 Qf6 43. Qe5 Kg8 44. g3 g5 45. hxg5 hxg5 46. Qxf6 Rxf6 47. fxg5 Rg6 48. Kg2 Rxg5 49. Kf3 Kf7 50. Nd6+ Kf8 51. Nc8 Rg6 52. Kf4 Ke8 53. Kxf5 Rxg3 54. Nxb6 Rxb3 55. c5 Kd8 56. Ke5 Kc7 57. Nc4 Rb4 58. Nxa5 Rxa4 59. d6+ Kc8 60. Nc6 Ra1 61. Ke6 Re1+ 62. Ne5 Re2 63. Kd5 Re1 64. c6 Rd1+ 65. Ke6 Re1 66. Kf6 Re2 67. Nf7 Rd2 68. Ke6 Re2+ 69. Ne5 Re1 70. Kd5 Rd1+ 71. Kc5 Re1 72. Nc4 Kd8 73. Kb6 Rb1+ 74. Kc5 Rc1 75. c7+ Kd7 76. Kd4 Rc2 77. Kd3 Rc1 78. Nb6+ Kxd6 79. c8Q Rxc8 80. Nxc8+ 1/2-1/2

[Event "Stockholm op"]
[Site "Stockholm"]
[Date "2012.07.01"]
[Round "6"]
[White "Logdahl, Harald"]
[Black "Adler, Bo"]
[Result "0-1"]
[WhiteElo "2259"]
[BlackElo "2137"]
[PlyCount "104"]
[EventDate "2012.06.28"]
[EventType "swiss"]
[EventRounds "9"]
[EventCountry "SWE"]
[SourceTitle "CBM 149 Extra"]
[Source "ChessBase"]
[SourceDate "2012.08.24"]
[SourceVersion "1"]
[SourceVersionDate "2012.08.24"]
[SourceQuality "1"]

1. e4 e5 2. Nc3 Nf6 3. f4 d5 4. fxe5 Nxe4 5. d3 Nxc3 6. bxc3 d4 7. Nf3 Nc6 8. cxd4 Bb4+ 9. Bd2 Bxd2+ 10. Qxd2 Nxd4 11. c3 Nxf3+ 12. gxf3 Qh4+ 13. Qf2 Qf4 14. Qg3 Qe3+ 15. Be2 Qc5 16. Rc1 Qe3 17. Rc2 Bf5 18. f4 Qb6 19. Kd2 0-0-0 20. Qe3 Qa6 21. d4 Qa5 22. Bd3 Bxd3 23. Kxd3 c5 24. Ke2 Kb8 25. Rd1 Qa6+ 26. Qd3 Qh6 27. Qg3 Qh5+ 28. Ke1 Qf5 29. Re2 Rd5 30. Qxg7 Rhd8 31. Qf6 Qh3 32. Qxf7 Qxc3+ 33. Kf2 Rxd4 34. Rxd4 Qxd4+ 35. Kf3 Qd3+ 36. Kf2 Qd4+ 37. Kf3 Qd3+ 38. Kf2 Qh3 39. Ke1 Qc3+ 40. Kf2 Qh3 41. Qc4 Qxh2+ 42. Kf3 Qh3+ 43. Kf2 Rd3 44. Qg8+ Kc7 45. Qf7+ Kb6 46. Rb2+ Ka5 47. Rb5+ Kxb5 48. Qxb7+ Kc4 49. Qa6+ Kc3 50. Qa3+ Kc2 51. Qxc5+ Rc3 52. Qd4 Rf3+ 0-1

[Event "Stockholm op"]
[Site "Stockholm"]
[Date "2012.06.30"]
[Round "4"]
[White "Logdahl, Harald"]
[Black "Evertsson, Lennart"]
[Result "1-0"]
[WhiteElo "2259"]
[BlackElo "2114"]
[PlyCount "103"]
[EventDate "2012.06.28"]
[EventType "swiss"]
[EventRounds "9"]
[EventCountry "SWE"]
[SourceTitle "CBM 149 Extra"]
[Source "ChessBase"]
[SourceDate "2012.08.24"]
[SourceVersion "1"]
[SourceVersionDate "2012.08.24"]
[SourceQuality "1"]

1. e4 e6 2. d4 d5 3. Nd2 Nf6 4. e5 Nfd7 5. Bd3 c5 6. c3 Nc6 7. Ne2 cxd4 8. cxd4 Qb6 9. Nf3 Bb4+ 10. Bd2 f6 11. exf6 Nxf6 12. Bxb4 Nxb4 13. 0-0 Bd7 14. Nc3 Nxd3 15. Qxd3 0-0 16. Ne5 Be8 17. Rad1 Rc8 18. Qh3 Rc7 19. Rd2 Qd6 20. Qe3 b5 21. f3 b4 22. Ne2 Bb5 23. Re1 Nh5 24. g4 Bxe2 25. gxh5 Bb5 26. Rg2 Rf5 27. h6 g6 28. Rg5 Qf8 29. Rxf5 gxf5 30. Qg5+ Kh8 31. Rc1 Rxc1+ 32. Qxc1 a6 33. Kf2 f4 34. Qc5 Kg8 35. Qxf8+ Kxf8 36. Kg2 Ke7 37. Kh3 Kf6 38. Kg4 a5 39. Kxf4 Be8 40. Ng4+ Ke7 41. Ke5 Bh5 42. h3 Bg6 43. Ne3 a4 44. a3 bxa3 45. bxa3 Bd3 46. f4 Kf7 47. f5 exf5 48. Nxd5 Be4 49. Nf4 Ke7 50. d5 Bf3 51. d6+ Kd7 52. Ne6 1-0

[Event "Stockholm op"]
[Site "Stockholm"]
[Date "2011.08.16"]
[Round "4"]
[White "Cederstam Barsk, Carl"]
[Black "Logdahl, Harald"]
[Result "1-0"]
[WhiteElo "2093"]
[BlackElo "2251"]
[PlyCount "281"]
[EventDate "2011.06.01"]
[EventType "swiss"]
[EventRounds "7"]
[EventCountry "SWE"]
[SourceTitle "CBM 142 Extra"]
[Source "ChessBase"]
[SourceDate "2011.06.27"]
[SourceVersion "1"]
[SourceVersionDate "2011.06.27"]
[SourceQuality "1"]

1. d4 d5 2. c4 Nc6 3. Nc3 dxc4 4. Nf3 Nf6 5. Bg5 a6 6. d5 Na7 7. e4 Nb5 8. Qa4 Bd7 9. Qxc4 Nxc3 10. bxc3 b5 11. Qd4 c5 12. Qd3 g6 13. Be2 Bg7 14. 0-0 0-0 15. h3 Qb8 16. Qe3 e5 17. Bxf6 Bxf6 18. Qxc5 Rc8 19. Qa3 Qb6 20. Rac1 Qc5 21. Qb2 Rab8 22. Qd2 Rc7 23. Rc2 Rbc8 24. Bd3 Qf8 25. Rb1 Rc5 26. Qc1 R8c7 27. a4 Qc8 28. axb5 Rxc3 29. Rxc3 Rxc3 30. Qd2 axb5 31. Bxb5 Bxh3 32. Ne1 Bg4 33. Bc6 Ra3 34. Qb2 Qa6 35. Bb5 Qa7 36. Bc4 Kg7 37. Nd3 Ra4 38. Qb3 Ra1 39. Rxa1 Qxa1+ 40. Kh2 Be2 41. Nb2 Bxc4 42. Nxc4 Qc1 43. g3 Qf1 44. Qc2 h5 45. Ne3 Qa1 46. Ng2 Qd4 47. Qe2 Bg5 48. Ne1 Qd2 49. Qxd2 Bxd2 50. Nd3 Bc3 51. Kg2 f5 52. f3 Kf6 53. Nc5 Bd4 54. Nb3 g5 55. Na5 g4 56. Nc6 Bc5 57. Nb8 Bd6 58. Nd7+ Ke7 59. Nb6 f4 60. Nc4 Kd7 61. Nb2 Kc7 62. Nd3 Kd7 63. fxg4 hxg4 64. Nf2 fxg3 65. Kxg3 Ke7 66. Nxg4 Kf7 67. Ne3 Kf6 68. Kg4 Bc5 69. Nc4 Bb4 70. Kf3 Bc5 71. Ke2 Bd4 72. Kd3 Ke7 73. Ne3 Ba1 74. Kc4 Kd7 75. Nf5 Bb2 76. Ne3 Bd4 77. Nc2 Bg1 78. Ne1 Bf2 79. Nf3 Bg3 80. Kd3 Kd6 81. Ng5 Ke7 82. Ne6 Kf6 83. Kc4 Ke7 84. Kc5 Kd7 85. Ng5 Bf2+ 86. Kb5 Bg3 87. Nh7 Bh2 88. Nf6+ Kd6 89. Ng4 Bf4 90. Kb6 Bg3 91. Kb7 Kd7 92. Ne3 Bf4 93. Nc4 Bg3 94. Kb6 Bf2+ 95. Kb5 Bg3 96. Ne3 Bf4 97. Nf5 Bh2 98. Kc5 Bg1+ 99. Kc4 Bh2 100. Kd3 Bf4 101. Ke2 Ke8 102. Kf3 Kf7 103. Kg4 Kf6 104. Ng3 Kg6 105. Ne2 Bd2 106. Ng1 Kf6 107. Kh5 Bf4 108. Ne2 Be3 109. Ng3 Bf4 110. Nh1 Be3 111. Kg4 Bf4 112. Ng3 Be3 113. Ne2 Bd2 114. Kf3 Be1 115. Nc1 Bc3 116. Nd3 Bd4 117. Ke2 Ke7 118. Kd2 Kd7 119. Kc2 Kd6 120. Kb3 Bg1 121. Kc4 Be3 122. Ne1 Bg1 123. Nf3 Be3 124. Nh4 Bf4 125. Nf5+ Kd7 126. Kc5 Bh2 127. d6 Bf4 128. Kd5 Bh2 129. Ne3 Bg1 130. Nc4 Bh2 131. Nxe5+ Kd8 132. Nc6+ Kd7 133. Nb8+ Kc8 134. Na6 Kd7 135. Nc5+ Kd8 136. e5 Bg1 137. Ne4 Bh2 138. e6 Ke8 139. Nf6+ Kd8 140. e7+ Kc8 141. e8Q+ 1-0

[Event "Rilton Cup 40th"]
[Site "Stockholm"]
[Date "2011.01.05"]
[Round "9"]
[White "Smith, Axel"]
[Black "Logdahl, Harald"]
[Result "1-0"]
[WhiteElo "2448"]
[BlackElo "2257"]
[PlyCount "114"]
[EventDate "2010.12.27"]
[EventType "swiss"]
[EventRounds "9"]
[EventCountry "SWE"]
[SourceTitle "CBM 140 Extra"]
[Source "ChessBase"]
[SourceDate "2011.03.01"]
[SourceVersion "1"]
[SourceVersionDate "2011.03.01"]
[SourceQuality "1"]

1. e4 Nf6 2. e5 Nd5 3. d4 d6 4. c4 Nb6 5. exd6 cxd6 6. Nc3 g6 7. Be3 Bg7 8. Rc1 0-0 9. b3 e5 10. dxe5 dxe5 11. Qxd8 Rxd8 12. c5 N6d7 13. Nf3 Nc6 14. Bc4 h6 15. Ne4 Nf8 16. Nd6 Rd7 17. 0-0 Re7 18. Nxc8 Rxc8 19. Rfd1 Kh7 20. Ne1 f5 21. f3 Ne6 22. Bxe6 Rxe6 23. Rd7 Re7 24. Rxe7 Nxe7 25. Rd1 Rc7 26. b4 a6 27. a4 Kg8 28. b5 axb5 29. axb5 Kf7 30. b6 Rc8 31. Rd7 Rb8 32. c6 bxc6 33. b7 Ke6 34. Ba7 Kxd7 35. Bxb8 c5 36. Nd3 Kc6 37. Bd6 Kxb7 38. Nxc5+ Kc6 39. Bxe7 e4 40. Kf1 exf3 41. gxf3 Kd5 42. Nd3 g5 43. Ba3 h5 44. Be7 Bh6 45. Bd8 g4 46. Ke2 Kd4 47. Bf6+ Kc4 48. Ne5+ Kd5 49. Ng6 Ke6 50. Be5 Kf7 51. Nf4 h4 52. Ng2 Ke6 53. Bf4 Bxf4 54. Nxf4+ Kf6 55. h3 Ke5 56. Ke3 Kf6 57. hxg4 fxg4 1-0

[Event "Rilton Cup 40th"]
[Site "Stockholm"]
[Date "2010.12.31"]
[Round "5"]
[White "Frisk, Ellinor"]
[Black "Logdahl, Harald"]
[Result "0-1"]
[WhiteElo "2126"]
[BlackElo "2257"]
[PlyCount "140"]
[EventDate "2010.12.27"]
[EventType "swiss"]
[EventRounds "9"]
[EventCountry "SWE"]
[SourceTitle "CBM 140 Extra"]
[Source "ChessBase"]
[SourceDate "2011.03.01"]
[SourceVersion "1"]
[SourceVersionDate "2011.03.01"]
[SourceQuality "1"]

1. e4 Nf6 2. e5 Nd5 3. d4 d6 4. Nf3 g6 5. Bc4 Nb6 6. Bb3 Bg7 7. a4 a5 8. 0-0 d5 9. h3 Bf5 10. Nc3 h5 11. Bg5 Qd7 12. Nb5 c6 13. Na3 Na6 14. c3 Nc7 15. Bc2 Bxc2 16. Nxc2 Ne6 17. Be3 Nc4 18. b3 Nxe3 19. fxe3 Bh6 20. Qe2 Ng7 21. Qf2 e6 22. Qe1 Nf5 23. Nh4 Qe7 24. Nf3 g5 25. g4 hxg4 26. hxg4 Nh4 27. Qg3 Rh7 28. Ra2 Qc7 29. Kf2 0-0-0 30. Rh1 Rdh8 31. Raa1 Kb8 32. Nd2 Bf8 33. Rag1 f6 34. e4 Ng6 35. Rxh7 Rxh7 36. Rg2 fxe5 37. dxe5 Bc5+ 38. Nd4 Qxe5 39. Qxe5+ Nxe5 40. Ke2 Bxd4 41. cxd4 Ng6 42. Rg3 Nf4+ 43. Kd1 Rh1+ 44. Kc2 Rh2 45. Kd1 Re2 46. exd5 exd5 47. Kc2 Rf2 48. Kd1 Ne6 49. Ke1 Rf4 50. Nf3 Re4+ 51. Kd2 Kc7 52. Kd3 Kd6 53. Rg1 Nf4+ 54. Kd2 Re2+ 55. Kd1 Rb2 56. Re1 Rxb3 57. Nxg5 Rd3+ 58. Kc2 Rxd4 59. Kb3 Rb4+ 60. Ka3 Nd3 61. Nf7+ Kd7 62. Re3 Nc5 63. g5 Rxa4+ 64. Kb2 Rb4+ 65. Kc2 d4 66. Re5 d3+ 67. Kd2 Rb2+ 68. Kc1 Rc2+ 69. Kd1 Na4 70. Re3 Nc3+ 0-1